[Event "URU-ch sf2"]
[Site "Colonia del Sacramento"]
[Date "2023.02.20"]
[Round "7"]
[White "Gonzalez Bodega, Juliana"]
[Black "Llanes, Nicolas"]
[Result "0-1"]
[WhiteElo "1212"]
[BlackElo "1150"]
[PlyCount "119"]
[EventDate "2023.02.17"]
[EventType "swiss"]
[EventRounds "7"]
[EventCountry "URU"]
[SourceTitle "CBM 213 Extra"]
[Source "ChessBase"]
[SourceDate "2023.05.31"]
[SourceVersion "1"]
[SourceVersionDate "2023.05.31"]
[SourceQuality "1"]

1. d4 Nf6 2. Nf3 g6 3. e3 Bg7 4. Nbd2 d6 5. Bc4 0-0 6. 0-0 c5 7. dxc5 dxc5 8. a3 b6 9. Re1 Ba6 10. Bxa6 Nxa6 11. e4 Nd7 12. e5 Qc7 13. Qe2 Nab8 14. e6 Nf6 15. exf7+ Rxf7 16. Ng5 Nc6 17. Nxf7 Kxf7 18. Qe6+ Kf8 19. Nf3 h6 20. Nh4 Rd8 21. Nxg6+ Ke8 22. Bf4 Qd7 23. Qxd7+ Rxd7 24. Be5 Kf7 25. Nh4 Nxe5 26. Rxe5 Ne8 27. Rf5+ Nf6 28. Rf3 e5 29. Re1 e4 30. Rf4 Kg8 31. h3 Rd2 32. Re3 Nd5 33. Rfxe4 Nxe3 34. Rxe3 Bd4 35. Rf3 Rxc2 36. Nf5 Kh7 37. Nxd4 cxd4 38. Rf7+ Kg6 39. Rd7 Rc1+ 40. Kh2 Rd1 41. Kg3 Kf5 42. Kf3 Ke5 43. g4 d3 44. Ke3 Re1+ 45. Kf3 Rh1 46. Kg2 Rd1 47. h4 Kf4 48. Rd4+ Ke5 49. Rd7 d2 50. g5 hxg5 51. hxg5 Ke6 52. Rd3 Kf5 53. Rd5+ Kg6 54. f4 a5 55. Kf3 Rf1+ 56. Ke3 d1Q 57. Rxd1 Rxd1 58. Ke4 Re1+ 59. Kf3 Kf5 60. Kg3 0-1

[Event "URU-ch sf2"]
[Site "Colonia del Sacramento"]
[Date "2023.02.19"]
[Round "4"]
[White "Elena, Eduardo"]
[Black "Llanes, Nicolas"]
[Result "1-0"]
[WhiteElo "1892"]
[BlackElo "1150"]
[PlyCount "59"]
[EventDate "2023.02.17"]
[EventType "swiss"]
[EventRounds "7"]
[EventCountry "URU"]
[SourceTitle "CBM 213 Extra"]
[Source "ChessBase"]
[SourceDate "2023.05.31"]
[SourceVersion "1"]
[SourceVersionDate "2023.05.31"]
[SourceQuality "1"]

1. b3 Nf6 2. Bb2 g6 3. e3 b6 4. Nf3 Bg7 5. d4 d6 6. Bb5+ Nbd7 7. Bc6 Rb8 8. c4 0-0 9. b4 Bb7 10. b5 d5 11. 0-0 a6 12. Bxb7 Rxb7 13. bxa6 Ra7 14. cxd5 Rxa6 15. Nc3 Qa8 16. e4 Rc8 17. Ne5 Nxe5 18. dxe5 Ne8 19. f4 b5 20. Nxb5 Rxa2 21. Qb3 Rxa1 22. Rxa1 Qb7 23. Ra7 Qb8 24. Qc4 Nd6 25. exd6 Bxb2 26. Rxc7 Rxc7 27. dxc7 Qb6+ 28. Kf1 Qe3 29. c8Q+ Kg7 30. Qc3+ 1-0